000 00573nam a2200241 a 4500
001 nice12345678
003 IN_TiNIC
005 20260116011417.0
008 050524s0000 alla grp 000 0 urd
020 _a
_c100
082 0 0 _a244
_bLAW
100 _aLawrence, H J
245 _aMaut Awr Zindagi
260 _aAllahabad
_bNorth India Christian Tracts
_c0000
300 _a28p
500 _aincludes index and biblioraphy
505 2 _aBibliography
650 _aBible Stories
700 1 _aLawrence, H J
902 _bSRS
942 _cBK
999 _c1287
_d1287